Statystyki dla Quiz o Kanadzie

Kliknij tutaj aby rozwiązać quiz!

Ogólne statystyki

  • Ten quiz został rozwiązany 2 202 razy
  • Średni wynik to 8 z 22

Statystyki odpowiedzi

WskazówkaOdpowiedź% Poprawnych
StolicaOttawa
96%
Obiekt widoczny na fladze krajuLiść {klonu}
86%
Najpopularniejszy sport widowiskowyHokej na lodzie
85%
Najbardziej zaludnione miastoToronto
83%
Prowincja z większością ludzi
francuskojęzycznych
Quebec
63%
Najludniejsze miasto w powyższej
prowincji
Montreal
46%
Kto jest oficjalną głową państwa?Elżbieta II
39%
Najbardziej zaludniona prowincjaOntario
37%
Premier wybrany w 2015 rokuJustin Trudeau
27%
Zwierzę narodoweBóbr
25%
Państwo będące największym
źródłem mieszkańców urodzonych
za granicą
Chiny
20%
Święto obchodzone w drugi
poniedziałek października
Dzień Dziękczynienia
19%
Miasto będące gospodarzem
corocznego rodeo
Calgary
18%
Najmniejsza prowincjaWyspa Księcia
Edwarda
18%
Największa wyspaZiemia Baffina
18%
Hymn narodowyO Canada
17%
Najwyższa wolnostojąca budowlaCN Tower
16%
Kanadyjska przekąska złożona
z frytek, sera i sosu pieczeniowego
Poutine
13%
Osada wikingów założona w około
1000 r. n.e.
Winlandia
9%
Najstarszy park narodowyBanff
8%
Przezwisko KanadyjczykaCanuck
6%
Ptak pojawiający się na kanadyjskiej
monecie jednodolarowej
Nur lodowiec
5%

Rozkład punktacji

Percentyl według liczby udzielonych odpowiedzi

Procent ludzi z każdym wynikiem

Twoja historia wyników

Nie rozwiązałeś tego quizu